000 00343nam a2200157Ia 4500
003 OSt
005 20231117062129.0
008 170524s9999 xx 000 0 und d
020 _a0-47146427-9
040 _cIIMT
100 _aGisslen- Wayne
245 0 _aProfessional Baking
260 _bWiley & Sons.
260 _c2005
942 _2ddc
_c02
999 _c6976
_d6976